[Event "SVK-ch U18/20"]
[Site "Liptovsky Mikulas"]
[Date "2017.04.25"]
[Round "6"]
[White "Jablonicky, Martin"]
[Black "Kavon, Rastislav"]
[Result "1/2-1/2"]
[WhiteElo "2306"]
[BlackElo "2202"]
[PlyCount "131"]
[EventDate "2017.04.22"]
[EventType "swiss"]
[EventRounds "9"]
[EventCountry "SVK"]
[SourceTitle "CBM 178 Extra"]
[Source "ChessBase"]
[SourceDate "2017.06.22"]
[SourceVersion "1"]
[SourceVersionDate "2017.06.22"]
[SourceQuality "1"]

1. d4 Nf6 2. c4 g6 3. Nc3 Bg7 4. e4 d6 5. Nf3 0-0 6. Be2 e5 7. 0-0 Nc6 8. dxe5 Nxe5 9. Nxe5 dxe5 10. Be3 c6 11. Qa4 Qc7 12. Rfd1 b6 13. b4 Be6 14. Rac1 Rfd8 15. f3 Bf8 16. a3 Be7 17. Rxd8+ Rxd8 18. Nd5 Bxd5 19. cxd5 c5 20. bxc5 bxc5 21. Rb1 Rb8 22. Rxb8+ Qxb8 23. Qb5 Qc7 24. a4 Kg7 25. a5 Nd7 26. Bf1 Bd6 27. Qc6 Kf8 28. Bb5 Ke7 29. Kf1 Kd8 30. Qxc7+ Bxc7 31. Bxd7 Kxd7 32. Bxc5 a6 33. Bb4 Bb8 34. Ke2 Bc7 35. Kd3 Bb8 36. Bc3 Kd6 37. Kc4 Ba7 38. f4 exf4 39. e5+ Kd7 40. Bd4 Bb8 41. Kd3 Bc7 42. Bc3 h5 43. Ke4 Bd8 44. Kxf4 Be7 45. g4 hxg4 46. Kxg4 Bd8 47. h3 Be7 48. Kf4 Bd8 49. Kg4 Be7 50. Kf3 Bh4 51. Bd2 Be7 52. Be1 Ba3 53. Ke4 Bb2 54. Bb4 Ba1 55. h4 Bb2 56. Bd2 Ba1 57. Be1 Bb2 58. h5 gxh5 59. Kf5 h4 60. Bxh4 Bc3 61. Kf6 Ke8 62. d6 Bb2 63. Bf2 Bc3 64. Bc5 Kd7 65. Bb6 Bb2 66. Bc7 1/2-1/2

[Event "SVK-ch U18/20"]
[Site "Liptovsky Mikulas"]
[Date "2017.04.23"]
[Round "3"]
[White "Kavon, Rastislav"]
[Black "Sustek, Mikulas"]
[Result "1-0"]
[WhiteElo "2202"]
[BlackElo "1516"]
[PlyCount "61"]
[EventDate "2017.04.22"]
[EventType "swiss"]
[EventRounds "9"]
[EventCountry "SVK"]
[SourceTitle "CBM 178 Extra"]
[Source "ChessBase"]
[SourceDate "2017.06.22"]
[SourceVersion "1"]
[SourceVersionDate "2017.06.22"]
[SourceQuality "1"]

1. e4 c6 2. Nc3 d5 3. d4 dxe4 4. Nxe4 Bf5 5. Ng3 Bg6 6. Nf3 Nd7 7. h4 h6 8. h5 Bh7 9. Bd3 Bxd3 10. Qxd3 Ngf6 11. Bd2 e6 12. 0-0-0 Be7 13. Ne4 Nxe4 14. Qxe4 Nf6 15. Qe2 Qd5 16. c4 Qe4 17. Qxe4 Nxe4 18. Be3 0-0 19. Ne5 Rfd8 20. g4 Rac8 21. f3 Ng5 22. Rhf1 c5 23. dxc5 Rxd1+ 24. Rxd1 Bxc5 25. Bxc5 Rxc5 26. Rd8+ Kh7 27. f4 Ne4 28. Nxf7 Rxc4+ 29. Kd1 g6 30. hxg6+ Kxg6 31. Ne5+ 1-0

[Event "SVK-chT3A2 1617"]
[Site "Slovakia"]
[Date "2017.03.05"]
[Round "10.3"]
[White "Cech, Dominik"]
[Black "Kavon, Rastislav"]
[Result "1/2-1/2"]
[WhiteElo "2174"]
[BlackElo "2244"]
[PlyCount "112"]
[EventDate "2016.10.16"]
[EventType "team-tourn"]
[EventRounds "11"]
[EventCountry "SVK"]
[SourceTitle "EXT 2020"]
[Source "ChessBase"]
[SourceDate "2019.10.17"]
[SourceVersion "1"]
[SourceVersionDate "2019.10.17"]
[SourceQuality "1"]
[WhiteTeam "Piestany Kupele"]
[BlackTeam "Modranka Komplet"]
[WhiteTeamCountry "SVK"]
[BlackTeamCountry "SVK"]

1. e4 c5 2. Nf3 d6 3. d4 cxd4 4. Nxd4 Nf6 5. Nc3 g6 6. Be3 Bg7 7. f3 0-0 8. Qd2 Nc6 9. g4 Be6 10. 0-0-0 Nxd4 11. Bxd4 Qa5 12. Kb1 Rfc8 13. a3 Rab8 14. h4 b5 15. Nd5 Qxd2 16. Nxf6+ Bxf6 17. Rxd2 Bxd4 18. Rxd4 Rc5 19. Bd3 h6 20. Rg1 Kg7 21. f4 Bc4 22. b4 Rc7 23. Bxc4 bxc4 24. Kb2 Kf6 25. Kc3 Rbc8 26. Re1 g5 27. fxg5+ hxg5 28. Rf1+ Ke6 29. h5 f6 30. Rf5 a6 31. a4 Kd7 32. e5 Ke6 33. exd6 exd6 34. Re4+ Kf7 35. Rd5 Rc6 36. b5 axb5 37. axb5 Rb6 38. Rxc4 Re8 39. Kb4 Re1 40. Rc7+ Ke6 41. Rf5 Re4+ 42. Rc4 Re1 43. Kc3 d5 44. Rb4 Rd1 45. Rf2 Ke5 46. Re2+ Kd6 47. Rd2 Re1 48. Rh2 Kc5 49. Rh3 Re7 50. Rb1 Ra7 51. Kd2 Kd4 52. Rd3+ Ke5 53. Rb4 Rab7 54. Re3+ Kd6 55. Reb3 Ke5 56. Rb1 f5 1/2-1/2